000 00849cam a22002898a 4500
001 17024481
003 SISC
005 20160819125137.0
008 111028s2012 nyu 000 0 eng
010 _a 2011043776
020 _a9780415577427
040 _aDLC
_cDLC
050 0 0 _aGT 3405
_b.B63 2012
082 0 0 _a394.2068
100 1 _aBladen, Charles.
245 1 0 _aEvents management :
_ban introduction /
_cCharles Bladen...[et.al.].
250 _a1st edition.
260 _aNew York :
_bRoutledge,
_c2012.
263 _a1202
300 _a444 pages :
_bill. ;
_c24 cm.
500 _aIncludes bibliographical references and index.
650 0 _aSpecial events
_xManagement.
906 _a7
_bcbc
_corignew
_d1
_eecip
_f20
_gy-gencatlg
942 _2lcc
_cBK
_kFOR
999 _c17099
_d17099